| 000 | 00403cam a22001217a 4500 | ||
|---|---|---|---|
| 008 | 180718b1961 xxu||||| |||| 00| 0 eng d | ||
| 082 | _aT41x73 Se48 | ||
| 100 | _aSelden, Richard T. | ||
| 245 |
_aThe postwar rise in the velocity of money _cby Richard T. Selden |
||
| 260 |
_aNew York _bNational Bureau of Economic Research _c1961 |
||
| 650 | _aMoney --United States. | ||
| 650 | _aCircular velocity of money | ||
| 999 |
_c500939 _d500939 |
||